<?xml version="1.0" encoding="UTF-8"?>
<record
    xmlns:xsi="http://www.w3.org/2001/XMLSchema-instance"
    xsi:schemaLocation="http://www.loc.gov/MARC21/slim http://www.loc.gov/standards/marcxml/schema/MARC21slim.xsd"
    xmlns="http://www.loc.gov/MARC21/slim">

  <leader>00603nam a2200145Ia 4500</leader>
  <controlfield tag="008">100122s9999    xx            000 0 und d</controlfield>
  <datafield tag="082" ind1=" " ind2=" ">
    <subfield code="b">53387</subfield>
    <subfield code="a">394</subfield>
  </datafield>
  <datafield tag="100" ind1=" " ind2=" ">
    <subfield code="a">&#x939;&#x93E;&#x915;&#x947; &#x917;&#x923;&#x947;&#x936;</subfield>
  </datafield>
  <datafield tag="245" ind1=" " ind2=" ">
    <subfield code="a">&#x917;&#x94B;&#x902;&#x927;&#x933; &#x905;&#x930;&#x94D;&#x925;&#x93E;&#x924; &#x91C;&#x93E;&#x902;&#x92D;&#x942;&#x933; &#x906;&#x916;&#x94D;&#x92F;&#x93E;&#x928; &#x90F;&#x915; &#x936;&#x94B;&#x927;</subfield>
  </datafield>
  <datafield tag="260" ind1=" " ind2=" ">
    <subfield code="b">&#x926;&#x93F;&#x92A;&#x936;&#x94D;&#x930;&#x940; &#x92A;&#x94D;&#x930;&#x915;&#x93E;&#x936;&#x928;</subfield>
    <subfield code="c">1996</subfield>
  </datafield>
  <datafield tag="300" ind1=" " ind2=" ">
    <subfield code="a">61</subfield>
  </datafield>
  <datafield tag="630" ind1=" " ind2=" ">
    <subfield code="a">&#x917;&#x94B;&#x902;&#x927;&#x933; &#x905;&#x930;&#x94D;&#x925;&#x93E;&#x924; &#x91C;&#x93E;&#x902;&#x92D;&#x942;&#x933; &#x906;&#x916;&#x94D;&#x92F;&#x93E;&#x928; &#x90F;&#x915; &#x936;&#x94B;&#x927;</subfield>
  </datafield>
  <datafield tag="730" ind1=" " ind2=" ">
    <subfield code="a">&#x917;&#x94B;&#x902;&#x927;&#x933; &#x905;&#x930;&#x94D;&#x925;&#x93E;&#x924; &#x91C;&#x93E;&#x902;&#x92D;&#x942;&#x933; &#x906;&#x916;&#x94D;&#x92F;&#x93E;&#x928; &#x90F;&#x915; &#x936;&#x94B;&#x927;</subfield>
  </datafield>
  <datafield tag="942" ind1=" " ind2=" ">
    <subfield code="c">BOOK</subfield>
  </datafield>
  <datafield tag="999" ind1=" " ind2=" ">
    <subfield code="c">430400</subfield>
    <subfield code="d">430397</subfield>
  </datafield>
  <datafield tag="952" ind1=" " ind2=" ">
    <subfield code="0">0</subfield>
    <subfield code="1">0</subfield>
    <subfield code="4">0</subfield>
    <subfield code="7">0</subfield>
    <subfield code="a">SVPPARLE</subfield>
    <subfield code="b">SVPPARLE</subfield>
    <subfield code="d">1997-06-20</subfield>
    <subfield code="g">40.00</subfield>
    <subfield code="l">0</subfield>
    <subfield code="o">53387</subfield>
    <subfield code="p">SVPPARLE-53387</subfield>
    <subfield code="r">2010-01-25 00:00:00</subfield>
    <subfield code="v">40.00</subfield>
    <subfield code="w">2010-01-25</subfield>
    <subfield code="y">BOOK</subfield>
    <subfield code="z">General NA</subfield>
  </datafield>
</record>
